| 000 | 01115nam a22001937a 4500 | ||
|---|---|---|---|
| 999 |
_c184716 _d184716 |
||
| 005 | 20230306122341.0 | ||
| 010 | _aB-742952-981 HIN-21-22 | ||
| 020 |
_a9789325295551 _c145.00 |
||
| 035 | _aB-742952-981 | ||
| 037 | _bआधुनिक प्रकाशन | ||
| 082 | _a000 | ||
| 100 | _aपाण्डे,मनोहर | ||
| 245 |
_aसामान्य ज्ञान 2023/ _cमनोहर पाण्डे |
||
| 260 |
_aदिल्ली _bअरिहन्त पब्लिकेशन्स _c2022 |
||
| 270 |
_a'रामछाया' 4577/15, अग्रवाल रोड, दरिया गंज _bनई दिल्ली _e110002 |
||
| 300 |
_a416 पृ. _c20 सेमी(अजिल्द) |
||
| 942 |
_2ddc _cHN _h000 _mपाण्डेम |
||